| 000 | 01162cam a22002771i 4500 | ||
|---|---|---|---|
| 003 | SA-RiAUC | ||
| 005 | 20250126081035.0 | ||
| 008 | 250125s1996 sy g 00000 ara c | ||
| 040 |
_aSA-RiAUC _bara _cSA-RiAUC _erda |
||
| 043 | _aa-su--- | ||
| 082 | 0 | 4 |
_a953.122 _qSA-RiAUC |
| 090 |
_a953.122 _bش م س |
||
| 100 | 1 |
_aالشمس الشامي، محمد بن يوسف بن علي، _dتوفي 942 هجري _eمؤلف. |
|
| 245 | 1 | 0 |
_aفضائل المدينة المنورة / _cتأليف محمد بن يوسف الصالحي الشامي ؛ حقق نصوصه وخرج أحاديثه وقدم له محيي الدين مستو. |
| 250 | _aالطبعة الثالثة. | ||
| 264 | 1 |
_aدمشق : _bدار ابن كثير، _c1996 |
|
| 300 |
_a144 صفحة ؛ _c24 سم |
||
| 336 |
_aنص _btxt _2rdacontent _3كتاب |
||
| 337 |
_aبدون وسيط _bn _2rdamedia |
||
| 338 |
_aمجلد _bnc _2rdacarrier |
||
| 650 | 7 |
_aالسيرة النبوية _2aucsh |
|
| 651 | 7 |
_aالمدينة المنورة _xفضائل _2aucsh |
|
| 700 | 1 |
_aمستو، محيي الدين ديب _eمحقق. |
|
| 942 |
_2ddc _cBOOK _n0 |
||
| 949 |
_aSA-JeALM _d250125 _umohamedma123 _n1 |
||
| 999 |
_c5260 _d5260 |
||